[Event "ROU-chT Men Superliga 2018"]
[Site "Sovata"]
[Date "2018.11.28"]
[Round "5"]
[White "Vilcu, Matei-Stefan"]
[Black "Danilov, Vladimir"]
[Result "0-1"]
[WhiteElo "1892"]
[BlackElo "2386"]
[Annotator "NA RC"]
[PlyCount "76"]
[EventDate "2018.11.24"]
[EventType "team-tourn"]
[EventCountry "ROU"]
[SourceTitle "playchess.com"]
[Source "ChessBase"]
[SourceQuality "1"]
[TimeControl "40/5400+30:1800+30"]

1. e4 {[%emt 0:00:00]} e6 {[%emt 0:00:00]} 2. d4 {[%emt 0:00:33]} d5 {[%emt 0:00:12]} 3. Nc3 {[%emt 0:00:29]} Bb4 {[%emt 0:00:34]} 4. e5 {[%emt 0:00:05]} c5 {[%emt 0:00:17]} 5. Bd2 {[%emt 0:01:53]} Nc6 {[%emt 0:07:40]} 6. Nb5 {[%emt 0:02:12]} Bxd2+ {[%emt 0:00:43]} 7. Qxd2 {[%emt 0:00:12]} Nxd4 {[%emt 0:01:03]} 8. Nxd4 {[%emt 0:05:16]} cxd4 {[%emt 0:00:45]} 9. Qxd4 {[%emt 0:02:21] C17: French: 3 Nc3 Bb4 4 e5 c5 sidelines} (9. Nf3 Ne7 10. Nxd4 O-O 11. f4 Nc6 12. Nf3 Qb6 13. O-O-O Bd7 14. a3 Rfc8 15. Kb1 Na5 16. Nd4 Nc6 17. Nf3 Na5 18. Nd4 Nc6 19. Nb3 Ne7 {1-0 (47) Sethuraman,S (2631)-Safarli,E (2653) Sharjah 2018}) 9... Ne7 {[%emt 0:02:38]} 10. Nf3 {[%emt 0:04:53]} Bd7 {[%emt 0:01:46]} 11. Bd3 {[%emt 0:04:45]} Nc6 {[%emt 0:05:19]} 12. Qg4 {[%emt 0:05:43]} g6 $146 {[%emt 0:04:24]} ({Predecessor:} 12... O-O 13. Bxh7+ Kxh7 14. Qh5+ Kg8 15. Ng5 Qa5+ 16. c3 Rfe8 17. Qxf7+ Kh8 18. Qh5+ Kg8 19. f4 Ne7 20. Qf7+ Kh8 21. Rd1 Qa6 22. Rf1 {1-0 (22) Geiger,W (2158)-Preusse,G (2233) ICCF email 2011}) 13. O-O {[%emt 0:02:08]} Qe7 {[%emt 0:08:17]} 14. c4 {[%emt 0:08:19]} Nb4 {[%emt 0:08:28]} 15. Be2 {[%emt 0:02:12]} h5 {[%emt 0:02:35]} 16. Qf4 {[%emt 0:04:41]} dxc4 {[%emt 0:03:28]} 17. Bxc4 {[%emt 0:02:09]} Bc6 {[%emt 0:00:35]} 18. Nd4 {[%emt 0:05:42]} Rd8 {[%emt 0:03:44]} 19. a3 {[%emt 0:08:06]} Nd5 {[%emt 0:05:36]} 20. Qf3 {[%emt 0:13:56]} O-O {[%emt 0:07:21]} 21. Rac1 {[%emt 0:06:37]} Qg5 {[%emt 0:02:57]} 22. Nxc6 {[%emt 0:02:51]} bxc6 {[%emt 0:00:02]} 23. Qe4 {[%emt 0:01:18]} Rd7 {[%emt 0:04:41]} 24. Bxd5 {[%emt 0:05:17]} cxd5 {[%emt 0:04:19]} 25. Qd4 {[%emt 0:00:06]} a5 {[%emt 0:03:35]} 26. Rc5 {[%emt 0:01:47]} Ra8 {[%emt 0:00:27]} 27. f4 {[%emt 0:02:43]} Qg4 {[%emt 0:01:13]} 28. h3 {[%emt 0:00:58]} Qf5 {[%emt 0:01:13]} 29. Rfc1 {[%emt 0:00:43]} Rb7 {[%emt 0:01:38]} 30. Kh2 {[%emt 0:04:28]} Rab8 {[%emt 0:01:21]} 31. Rc8+ $17 {[%emt 0:00:38]} Rxc8 {[%emt 0:02:50]} 32. Rxc8+ {[%emt 0:00:00]} Kh7 {[%emt 0:00:01]} 33. Rc5 {[%emt 0:01:37]} Qb1 {[%emt 0:00:39]} 34. Rxa5 {[%emt 0:00:31]} Rxb2 {[%emt 0:01:01]} 35. Ra7 {[%emt 0:00:28]} Qc2 {[%emt 0:00:44]} 36. Qg1 {[%emt 0:00:40]} Kg7 {[%emt 0:00:10]} 37. Qf1 {[%emt 0:01:00]} h4 {[%emt 0:00:51]} 38. Qf3 {[%emt 0:00:17]} Qc5 {[%emt 0:00:28]} 0-1

[Event "ROU-chT Men Superliga 2018"]
[Site "Sovata"]
[Date "2018.11.29"]
[Round "6"]
[White "Berkes, Ferenc"]
[Black "Berescu, Alin-Mile"]
[Result "1-0"]
[WhiteElo "2661"]
[BlackElo "2450"]
[Annotator "TA"]
[PlyCount "111"]
[EventDate "2018.11.24"]
[EventType "team-tourn"]
[EventCountry "ROU"]
[SourceTitle "playchess.com"]
[Source "ChessBase"]
[SourceQuality "1"]

{[%evp 9,111,0,3,0,25,22,25,17,24,15,17,15,29,13,23,22,30,0,39,7,0,0,0,0,15,0,80,45,55,42,49,52,55,44,65,31,34,12,48,51,102,65,122,125,136,131,162,180,176,192,459,451,368,384,377,369,625,632,585,303,362,355,350,287,304,290,280,267,358,355,416,280,343,264,498,492,577,575,564,522,522,501,624,666,646,484,533,477,496,466,555,482,1514,1466,1780,1780,1643,1532,1342,1339,1168,1168,29977,6187]} 1. d4 e6 2. Nf3 Nf6 3. g3 b5 4. e3 a6 (4... b4 5. Bg2 Bb7 6. O-O c5 7. a3 a5 8. Nbd2 Na6 9. c4 bxc3 10. bxc3 Be7 11. Rb1 Bc6 {1-0 (77) Yu,Y (2750)-Jumabayev,R (2602) Ashkhabad 2017}) 5. a4 b4 6. Bg2 {A46: 1 d4 Nf6 2 Nf3 e6: Torre, London and Colle Systems} d5 $146 ({Predecessor:} 6... Bb7 7. O-O c5 8. c4 Be7 9. d5 exd5 10. Nh4 d6 11. a5 Nbd7 12. cxd5 {1-0 (43) Afonasieva,A (2193)-Jalaghonia,N (2006) Riga 2018}) 7. c4 c5 $1 8. O-O {White has an edge.} Bb7 9. Nbd2 Nbd7 10. b3 Be7 11. Bb2 O-O 12. Rc1 Rc8 13. Ne5 Rc7 14. cxd5 Nxd5 15. Ne4 Nxe5 16. dxe5 Nb6 17. a5 Rd7 (17... Nd7 $11 {remains equal.}) 18. Qe2 Bxe4 19. Bxe4 Nc8 $1 {Hoping for ...Rd2.} 20. Qxa6 {Threatens to win with Ra1.} Ra7 21. Qc4 $36 {[%mdl 2048] a6 is the strong threat. White has some pressure.} Qxa5 22. Rfd1 Rd8 23. h4 {[%cal Bh2h4,Bh4h5][%mdl 32]} g6 24. h5 Kg7 ({Better is} 24... Qb6 $14) 25. Kg2 Qc7 (25... Nb6 $14 26. Qe2 Rxd1 27. Rxd1 Qa6) 26. Rd6 $16 Ra2 {[#]} 27. Bd4 $1 {[%mdl 512]} Ra5 {[#]} (27... cxd4 28. Qxc7) 28. hxg6 $1 {[%mdl 512]} hxg6 (28... fxg6 29. Qxe6) 29. Rc6 Qxc6 $2 (29... Qb7) 30. Bxc6 $18 Nb6 31. Qe2 cxd4 32. exd4 Nd5 $2 (32... Rh8 33. Qd2 Ra7) 33. Rh1 Rc8 34. Qd2 {Threatening mate with Qh6+.} Rh8 35. Rxh8 Kxh8 36. Kf3 Kg7 37. Qc1 Nc3 38. Qf4 Ra7 39. Kg4 Rc7 40. Qf3 Rc8 41. Bd7 Rd8 $2 (41... Rc7 {was necessary.}) 42. Qb7 Kf8 43. Kf3 Nd5 44. Ke4 Nc3+ 45. Kd3 Nd5 46. f4 Kg7 47. Qa7 Kf8 48. Bc6 Nc3 49. Qb6 Nd5 50. Qb7 f5 (50... Nc3 $142 51. Bf3 Nd5 52. Bxd5 Rxd5) 51. Bd7 Rxd7 52. Qxd7 Kf7 53. Qb7 Nc3 54. Qh1 Kg7 55. Qa8 Nd5 56. Qe8 {Accuracy: White = 63%, Black = 36%.} 1-0

[Event "ROU-chT Men Superliga 2018"]
[Site "Sovata"]
[Date "2018.11.29"]
[Round "6"]
[White "Baklan, Vladimir"]
[Black "Manea, Alexandru"]
[Result "1/2-1/2"]
[WhiteElo "2605"]
[BlackElo "2347"]
[Annotator "TA"]
[PlyCount "164"]
[EventDate "2018.11.24"]
[EventType "team-tourn"]
[EventCountry "ROU"]
[SourceTitle "playchess.com"]
[Source "ChessBase"]
[SourceQuality "1"]

{[%evp 17,164,30,27,30,36,35,37,37,49,0,0,-3,19,-65,-53,-58,-39,-45,11,13,0,-120,-116,-116,-100,-134,-116,-160,-168,-214,-209,-214,-244,-220,-243,-241,-245,-247,-245,-320,-343,-467,-439,-473,-455,-576,-584,-718,-718,-710,-706,-802,-635,-599,-635,-867,-866,-862,-402,-356,-207,-214,-212,-184,-188,-203,-161,-154,-143,-192,-181,-332,-327,-319,-406,-404,-399,-381,-425,-542,-544,-523,-462,-465,-363,-362,-356,-339,-311,-309,-306,-309,-323,-309,-309,-312,-297,-331,-331,-364,-357,-370,-342,-325,-318,-317,0,-280,0,-318,-288,-344,-245,-246,-237,-391,-377,-387,-388,-387,0,-387,-377,-376,-370,-372,-349,-358,-357,-368,-370,-394,-272,-250,0,-389,-387,-355,-322,-357,-336,-459,-441,-429,0,-358,0,-385,0]} 1. e4 {[%cal Be2e4,Be4e5][%mdl 32]} Nf6 2. e5 Nd5 3. d4 d6 4. c4 Nb6 5. exd6 cxd6 6. Nc3 g6 7. Be3 Bg7 8. Rc1 O-O 9. b3 Bf5 10. Be2 {B03: Alekhine's Defence: Four Pawns Attack} (10. d5 e5 11. dxe6 Bxe6 12. Nge2 d5 13. c5 Nc6 14. Nd4 Bxd4 15. Bxd4 Re8 16. cxb6 Qh4 17. Ne2 axb6 {1-0 (38) Xiong,J (2618)-Kamsky,G (2678) Saint Louis 2016}) 10... d5 11. c5 Nc8 {[%cal Bb6c8,Bc8d6,Bd6e4][%mdl 32]} 12. g4 {White is slightly better.} Bd7 13. h4 $146 ({Predecessor:} 13. h3 e6 14. Nf3 Nc6 15. Qd2 N8e7 16. O-O f6 17. Rfd1 a6 {½-½ (40) Munoz,F (2342)-Fernandez Reyes,L (2356) Rosario 2016}) 13... Nc6 14. f4 b6 15. cxb6 (15. Na4 $11) 15... axb6 $15 16. h5 Nd6 17. hxg6 hxg6 ({Black should play} 17... fxg6 $15 18. Qd2 Rc8) 18. Qd2 $11 f5 $36 {[%mdl 2048] Black is pushing.} 19. g5 (19. Nf3 $11) 19... Ne4 $17 20. Nxe4 fxe4 21. a4 Qb8 22. Bb5 Qd6 23. Ne2 {[#]} Na5 $1 24. Rb1 Bxb5 25. axb5 Rac8 26. Ng3 e6 27. O-O Qd7 28. Qe2 Rc3 29. Rfd1 Nxb3 {aiming for ...Bxd4!} 30. Nf1 Rfc8 31. Bf2 R8c4 32. Ne3 Nxd4 33. Qg4 Rc8 34. Rb4 Rc1 35. Kg2 Nf5 36. Rxe4 d4 37. Qf3 Rxd1 (37... R1c3 $142 38. Qe2 Qb7) 38. Nxd1 $19 Qd5 (38... Rc1 $142 {Strongly threatening ...d3.} 39. Re1 d3) 39. Re2 Qxf3+ 40. Kxf3 Kf7 41. Ra2 Rc5 42. Ra7+ Ke8 43. Ra8+ Kd7 44. Ra7+ $2 (44. Be1) 44... Kd6 45. Nb2 Rxb5 46. Nd3 Rb3 47. Ke2 Kd5 48. Be1 Ke4 49. Nf2+ Kxf4 50. Bd2+ Ke5 51. Rd7 Ng3+ 52. Kd1 Nh5 53. Ke2 Rg3 54. Bc1 {If White can now play Bb2 this consolidates a bit.} b5 55. Bd2 Ra3 56. Bc1 Ra8 57. Bd2 Bf8 58. Rb7 Kd5 59. Rxb5+ Kc6 60. Re5 Kd7 61. Rb5 Kc6 62. Re5 $1 Kd7 63. Rb5 $1 Bd6 64. Kd3 e5 65. Ne4 Ra6 66. Kc4 $2 (66. Rxe5 Ra3+ 67. Kxd4 Bxe5+ 68. Kxe5) 66... Ke6 67. Rb7 Ra4+ 68. Kb3 Ra6 69. Kc4 Rc6+ 70. Kd3 Bc7 71. Ra7 Kf5 72. Ra1 Bd8 73. Rf1+ Ke6 74. Ra1 Ng7 75. Bb4 {[#]} Nh5 (75... Bc7 $142 $1 76. Ra8 Nh5) 76. Bd2 Be7 77. Ra7 Ng7 78. Bb4 Nf5 (78... Bxb4 $2 79. Rxg7 Kf5 80. Rf7+ Kg4 81. Nf2+ Kxg5 82. Ke4 $17) 79. Bd2 Rb6 80. Ba5 Rc6 81. Bd2 $1 Rb6 82. Ba5 Rc6 $2 {Accuracy: White = 57%, Black = 77%.} (82... Rb1 $19 83. Ra6+ Kd5) 1/2-1/2

[Event "ROU-chT Men Superliga 2018"]
[Site "Sovata"]
[Date "2018.11.29"]
[Round "6"]
[White "Lupulescu, Constantin"]
[Black "Shevchenko, Kirill"]
[Result "1-0"]
[WhiteElo "2601"]
[BlackElo "2549"]
[Annotator "TA"]
[PlyCount "105"]
[EventDate "2018.11.24"]
[EventType "team-tourn"]
[EventCountry "ROU"]
[SourceTitle "playchess.com"]
[Source "ChessBase"]
[SourceQuality "1"]

{[%evp 19,105,7,3,6,91,76,100,108,97,93,93,93,87,82,104,108,139,144,294,265,395,390,731,725,674,448,467,475,553,572,520,497,679,677,662,654,1259,1047,1018,287,1277,309,285,299,310,314,301,302,322,310,304,299,360,360,340,342,385,392,402,380,369,360,378,367,438,447,438,435,429,429,506,492,1261,1261,5600,5603,5368,5085,2600,1938,29960,29961,29971,29969,29982,29983,29984,29985]} 1. d4 Nf6 2. c4 e6 3. Nf3 b6 4. a3 Bb7 5. Nc3 d5 6. Bg5 Be7 7. e3 O-O 8. Qc2 h6 {E12: Queen's Indian: Unusual White 4th moves, 4 a3, 4 Nc3 Bb7 5 a3 and 4 Nc3 Bb7} 9. Bxf6 Bxf6 10. cxd5 exd5 {LiveBook: 8 Games. The position is equal.} 11. O-O-O $146 ({Predecessor:} 11. h4 Re8 12. O-O-O Nd7 13. g4 g6 14. g5 hxg5 15. Nxg5 Bxg5 16. hxg5 {1-0 (36) Parligras,M (2623)-Bosiocic,M (2600) Batumi 2018}) 11... Qd6 (11... c5 $11) 12. h4 $16 Rc8 13. g4 {[%cal Bg2g4,Bg4g5,Bg5h6,Bh6g7][%mdl 32]} c5 14. g5 cxd4 15. Nxd4 Bxd4 16. Rxd4 Nc6 17. Rxd5 Qe7 {Hoping for ...Nb4!} 18. Bg2 {And now gxh6 would win.} Nd8 {[#]} (18... a5 $16) 19. gxh6 $1 $18 {[%mdl 512]} Bxd5 (19... Rxc3 {was called for.} 20. bxc3 Ne6) (19... gxh6 20. Rg1) 20. Bxd5 Rab8 $2 (20... Qe5 21. Rg1 Qxd5) 21. Rg1 Ne6 22. hxg7 Qf6 23. h5 ({Not} 23. Bxe6 Qxe6 24. Kb1 Rc5 $16) 23... Rc7 24. Kb1 Rd8 {[#] aiming for ...Rxc3.} 25. Bb3 Qh6 26. Qf5 Nxg7 27. Rg6 Qh7 {If only Black now had time for ...Kf8....} 28. h6 Qxh6 29. Bxf7+ $2 (29. Qf6 Qxg6+ 30. Qxg6) 29... Kf8 $2 (29... Rxf7 30. Qxf7+ (30. Rxh6 $2 {perishes.} Nxf5 31. Rg6+ Rg7 $19) 30... Kxf7 31. Rxh6 Nf5) 30. Rxh6 $2 (30. Qf6 Qh7 31. Bb3+ Ke8 32. e4) 30... Nxf5 31. Rh8+ Kxf7 32. Rxd8 {[%mdl 4096] Endgame KRN-KRN} Ke6 33. Re8+ Ne7 34. Nb5 Rd7 35. Nd4+ Kd5 36. Kc2 Ng6 37. Ne2 Rh7 38. f4 Ne7 39. Kd3 Kd6 40. Nc3 Rh2 41. b4 a5 42. bxa5 bxa5 43. Nb5+ Kd7 44. Ra8 Nc6 45. Nd4 Ra2 (45... Nd8 $142 46. Ra7+ Kc8 47. Rxa5 Nb7) 46. Nxc6 Rxa3+ 47. Kd4 Kxc6 {KR-KR} 48. f5 {[%cal Bf4f5,Bf5f6][%mdl 32]} Kd6 49. Ra6+ Ke7 50. e4 {White mates.} a4 51. Ke5 Ra1 52. Ra7+ Kd8 53. f6 {Accuracy: White = 87%, Black = 31%.} 1-0

[Event "ROU-chT Men Superliga 2018"]
[Site "Sovata"]
[Date "2018.11.29"]
[Round "6"]
[White "Deac, Bogdan-Daniel"]
[Black "Vavric, Pavel"]
[Result "1-0"]
[WhiteElo "2598"]
[BlackElo "2351"]
[Annotator "TA"]
[PlyCount "81"]
[EventDate "2018.11.24"]
[EventType "team-tourn"]
[EventCountry "ROU"]
[SourceTitle "playchess.com"]
[Source "ChessBase"]
[SourceQuality "1"]

{[%evp 20,81,17,20,34,43,66,58,60,35,78,70,72,79,85,43,45,18,39,25,25,14,11,0,0,0,39,27,70,43,113,118,112,110,120,88,157,122,117,116,156,169,152,147,145,124,137,92,360,354,444,379,518,527,512,530,534,533,528,512,512,510,467,383]} 1. d4 Nf6 2. c4 e6 3. g3 d5 4. Bg2 dxc4 5. Qa4+ Bd7 {[%cal Bc8d7,Bd7c6,Bc6d5][%mdl 32]} 6. Qxc4 Bc6 7. Nf3 Bd5 8. Qd3 Be4 9. Qd1 c5 10. Nc3 Bc6 11. O-O {LiveBook: 65 Games} Be7 {E02: Open Catalan: 5 Qa4+} (11... Nbd7 12. Be3 cxd4 13. Bxd4 Be7 14. Ne5 Bxg2 15. Kxg2 Nxe5 16. Bxe5 Qa5 17. Bxf6 Bxf6 18. Ne4 O-O 19. Nxf6+ gxf6 20. Qd4 {½-½ (19) Timman,J (2565)-Karpov,A (2628) Murmansk 2016}) 12. dxc5 Qxd1 13. Rxd1 Bxc5 {White is slightly better.} 14. a3 $146 ({Predecessor:} 14. Ne5 Bxg2 15. Kxg2 Nbd7 16. Bf4 Nxe5 17. Bxe5 Be7 18. Rac1 O-O 19. Nb5 {½-½ (52) Kostic,V (2312)-Tancik,K (2210) Sombor 2008}) 14... a5 15. Ne5 Bxg2 16. Kxg2 Nbd7 17. Nd3 Ke7 18. e4 Rhd8 19. Bf4 Rac8 20. Nb5 Ne8 21. Bd2 Bb6 22. b4 Ra8 23. Be1 f6 24. Rac1 Nb8 {[#]} (24... axb4 $14 25. Bxb4+ Kf7) 25. Nb2 $1 $36 {[%mdl 2048] White has strong initiative.} Rxd1 26. Rxd1 Bd8 27. Nc4 {[%cal Rb4a5]} a4 ({Better is} 27... b6) 28. Ncd6 Nxd6 29. Nxd6 ({Don't play} 29. Rxd6 $6 Nc6 $11) 29... b6 30. b5 Nd7 31. Bb4 {[#] Black must now prevent Nf5+.} Nc5 32. Nb7 Rc8 33. f4 e5 $2 {[%mdl 8192]} (33... Rb8 $16 34. Nxc5 (34. Nxd8 Rxd8 35. Rxd8 Kxd8 $11) 34... bxc5 35. Bxc5+ Ke8) 34. fxe5 $18 Bc7 35. exf6+ gxf6 36. Nxc5 {White is clearly winning.} bxc5 37. Bxc5+ {KRB-KRB} Ke6 38. Rd5 Be5 39. Kf3 h5 40. b6 Rg8 41. Bd4 {Accuracy: White = 49%, Black = 30%.} 1-0

[Event "ROU-chT Men Superliga 2018"]
[Site "Sovata"]
[Date "2018.11.29"]
[Round "6"]
[White "Iordachescu, Viorel"]
[Black "Patrascu, Catalin-Lucian"]
[Result "1-0"]
[WhiteElo "2597"]
[BlackElo "2268"]
[Annotator "TA"]
[PlyCount "75"]
[EventDate "2018.11.24"]
[EventType "team-tourn"]
[EventCountry "ROU"]
[SourceTitle "playchess.com"]
[Source "ChessBase"]
[SourceQuality "1"]

{[%evp 15,75,54,56,9,54,26,54,56,60,61,61,39,64,40,66,37,75,79,56,72,83,80,76,42,110,100,155,177,220,131,125,74,110,110,163,152,180,183,159,102,122,122,154,150,426,429,458,441,574,555,529,522,416,479,678,600,918,944,910,902,950,799]} 1. e4 e5 2. Nf3 Nc6 3. Bb5 a6 4. Ba4 d6 5. c3 Bd7 6. d4 g6 7. Bg5 f6 8. Be3 Nh6 {LiveBook: 56 Games} 9. b4 {C76: Ruy Lopez: Deferred Steinitz: 5 c3 Bd7 6 d4 g6} (9. h3 Nf7 10. dxe5 Ncxe5 11. Bb3 Nxf3+ 12. Qxf3 Bg7 13. Nd2 a5 14. a4 Qe7 15. O-O O-O 16. Rae1 Kh8 17. Qd1 b5 18. Qc2 f5 19. Bd4 f4 20. Bxf7 Rxf7 21. Nf3 c5 22. Bxg7+ Rxg7 23. e5 {½-½ (23) Ter Sahakyan,S (2577)-Short,N (2688) Abu Dhabi 2017}) 9... Bg7 10. Bb3 Qe7 11. O-O {White is slightly better.} Nf7 12. Nbd2 O-O 13. Re1 $146 ({Predecessor:} 13. dxe5 fxe5 14. a4 Ncd8 15. Bg5 Bf6 16. Bxf6 Qxf6 {½-½ (49) Van Riemsdijk,H (2418)-Castaner Harster,X (2241) Barbera del Valles 1999}) 13... Kh8 14. a4 {[%cal Ba2a4,Ba4b5][%mdl 32]} Rae8 15. b5 axb5 16. axb5 Ncd8 17. b6 c6 18. Ra7 Bc8 19. dxe5 dxe5 (19... fxe5 $14 20. Nc4 Ne6) 20. Nc4 $16 f5 ({Black should try} 20... Be6) 21. Ra5 fxe4 22. Nfd2 (22. Bc5 $18 Qf6 23. Nfd2 (23. Rxe4 Rg8 $18) (23. Bxf8 Rxf8 24. Nfd2 Ng5 $16)) 22... Qh4 23. Bc2 (23. g3 $142 Qh3 24. Nxe4) 23... Bf5 24. g3 Qh3 (24... Qf6 $16 {is a better defense.}) 25. Bxe4 $18 ({Don't play} 25. Nxe4 Ne6 $16) 25... Bxe4 26. Nxe4 Ne6 27. f3 (27. Qe2 $142) 27... Rd8 28. Qe2 $36 {[%mdl 2048] White has strong initiative.} Rd5 29. Ra7 Nfd8 $2 {[#]} (29... Rb8 $16 {was called for.} 30. Na5 Nfd8) 30. Ncd6 Qh5 31. Rf1 Nd4 32. cxd4 exd4 33. Bf4 d3 34. Qd2 Bd4+ (34... Ne6 $142 35. Be3 Nd4) 35. Be3 Rxd6 36. Nxd6 Qc5 {[#]} 37. Qb2 $3 {[%mdl 512]} Ne6 (37... Bxb2 38. Bxc5) 38. Ne4 {Precision: White = 55%, Black = 22%.} 1-0

[Event "ROU-chT Men Superliga 2018"]
[Site "Sovata"]
[Date "2018.11.29"]
[Round "6"]
[White "Marin, Mihail"]
[Black "Ionescu, Doru-Alexandru"]
[Result "1/2-1/2"]
[WhiteElo "2555"]
[BlackElo "2321"]
[Annotator "TA"]
[PlyCount "49"]
[EventDate "2018.11.24"]
[EventType "team-tourn"]
[EventCountry "ROU"]
[SourceTitle "playchess.com"]
[Source "ChessBase"]
[SourceQuality "1"]

{[%evp 9,49,28,25,18,33,0,0,2,15,-9,-8,-10,-5,-17,-16,-31,-23,-29,-31,-21,7,0,4,6,0,-9,-8,-27,-20,-16,-16,-17,0,0,0,0,0,0,0,0,0,0]} 1. c4 e5 2. g3 h5 3. Nf3 (3. Nc3 Bb4 4. Nd5 a5 5. a3 Bc5 6. e3 d6 7. Bg2 c6 8. Nc3 h4 9. d4 Bb6 10. Nf3 h3 {½-½ (41) Bruzon Batista,L (2664)-Rakhmanov,A (2635) Havana 2018}) 3... Nc6 4. Nc3 d6 5. d3 Be7 6. Nd5 $146 {A20: English Opening: 1...e5} ({Predecessor:} 6. h4 Be6 7. Nd5 Qd7 8. Nxe7 Ngxe7 9. Bg2 f6 10. Bd2 d5 11. cxd5 Nxd5 {0-1 (22) Horak,M (1823)-Oszczanowski,W (1936) Banska Stiavnica 2013}) 6... Nd4 7. Bg2 Nxf3+ 8. Bxf3 h4 9. b4 c6 10. Nxe7 Nxe7 11. Bb2 Be6 12. Qa4 Qd7 13. c5 f6 14. d4 hxg3 15. hxg3 Rxh1+ 16. Bxh1 exd4 17. O-O-O d5 18. Bxd4 a6 19. e4 {The position is equal.} O-O-O 20. Be3 Qe8 21. Bf4 dxe4 22. Bxe4 Rxd1+ 23. Qxd1 {[#] Hoping for Qd6.} ({But not} 23. Kxd1 Nd5 $17) 23... Nd5 24. Bd2 Bd7 25. Bxd5 {Accuracy: White = 40%, Black = 32%.} 1/2-1/2

[Event "ROU-chT Men Superliga 2018"]
[Site "Sovata"]
[Date "2018.11.29"]
[Round "6"]
[White "Aczel, Gergely"]
[Black "Carmaciu, Lucian-Catalin"]
[Result "1-0"]
[WhiteElo "2549"]
[BlackElo "2374"]
[Annotator "TA"]
[PlyCount "49"]
[EventDate "2018.11.24"]
[EventType "team-tourn"]
[EventCountry "ROU"]
[SourceTitle "playchess.com"]
[Source "ChessBase"]
[SourceQuality "1"]

{[%evp 27,49,45,72,77,112,94,130,109,118,115,129,122,251,257,245,253,414,429,672,694,29990,29991,29991,29991]} 1. d4 Nf6 2. c4 c5 3. d5 b5 4. cxb5 a6 5. bxa6 g6 6. Nc3 Bxa6 7. e4 Bxf1 8. Kxf1 d6 9. g3 Bg7 10. Kg2 O-O 11. Nf3 Nbd7 12. a4 {A59: Benko/Volga Gambit: White castles by hand} Ra6 13. Qc2 (13. Re1 Qa8 14. Nb5 Rc8 15. Ra3 Ne8 16. Qc2 Nc7 17. Nxc7 Rxc7 18. b4 cxb4 19. Qxc7 bxa3 20. Bxa3 Rxa4 21. Qxd7 {0-1 (37) Vallejo Pons,F (2711)-Tregubov,P (2585) Tallinn 2016}) 13... Qa8 14. Ra3 Rc8 {LiveBook: 14 Games} 15. Rd1 c4 16. Be3 Ng4 $146 {[#]} ({Predecessor:} 16... Qb7 17. Bd4 e6 18. dxe6 fxe6 19. Rb1 e5 {1-0 (39) Broemme,S (2385)-Yazgeldiev,K (2325) ICCF email 2012}) 17. Bd4 $1 Nge5 18. Nxe5 Nxe5 19. Nb5 f5 (19... Bf8 $16 {was worth a try.} 20. f3 Nd7) 20. Bxe5 $1 $18 ({Don't play} 20. exf5 $6 Qxd5+ 21. f3 g5 $16) 20... Bxe5 21. exf5 gxf5 $2 (21... g5 {is a better defense.} 22. Qd2 Kh8) 22. Rf3 {[%cal Ba3f3,Bf3f5,Bf5h5,Bh5h7][%mdl 32]} ({Much less strong is} 22. Qxf5 Kh8 $18) 22... Rxa4 (22... Qb8 $142 23. Rxf5 Rf8) 23. Rxf5 {[#] aiming for Rh5.} Ra5 24. Rh5 Kf8 25. Rxh7 {Accuracy: White = 97%, Black = 28%.} 1-0

[Event "ROU-chT Men Superliga 2018"]
[Site "Sovata"]
[Date "2018.11.29"]
[Round "6"]
[White "Georgescu, Tiberiu-Marian"]
[Black "Gheorghiu, Calin"]
[Result "1-0"]
[WhiteElo "2505"]
[BlackElo "2278"]
[Annotator "TA"]
[PlyCount "43"]
[EventDate "2018.11.24"]
[EventType "team-tourn"]
[EventCountry "ROU"]
[SourceTitle "playchess.com"]
[Source "ChessBase"]
[SourceQuality "1"]

{[%evp 17,43,28,31,30,15,28,34,24,27,19,25,40,33,7,15,0,0,0,78,57,78,60,332,332,487,370,394,379]} 1. Nf3 Nf6 2. c4 e6 3. Nc3 d5 4. e3 c5 5. cxd5 Nxd5 6. Nxd5 Qxd5 7. b3 Be7 8. Bb2 O-O 9. Bc4 Qd8 10. O-O {A13: English Opening: 1...e6} Nc6 11. Qc2 a6 $146 ({Predecessor:} 11... Bd7 12. d4 cxd4 13. Nxd4 Qa5 14. Rfd1 Rfd8 15. Nf3 Be8 {½-½ (15) Antoniewski,R (2522)-Cvek,R (2537) Slovakia 2015}) 12. Qe4 {White is slightly better.} Bf6 13. Bxf6 Qxf6 14. Rac1 $40 {[%mdl 128] Black needs to defend precisely.} Qe7 15. Bd3 {[%csl Gd3][%cal Re4h7] [#]} g6 16. Ne5 Nxe5 17. Qxe5 Rd8 (17... b6 $1 $11) 18. Be4 $16 Rxd2 19. Rxc5 Rxa2 $2 {[%mdl 8192] [#]} ({Black should play} 19... Qd6 $14) 20. Rd1 $1 $18 f6 (20... Bd7 $142 21. Rc7 Rd8) 21. Qd4 Kg7 {If Black can now play ...b6 this consolidates a bit.} 22. Qc3 {Accuracy: White = 86%, Black = 41%.} 1-0

[Event "ROU-chT Men Superliga 2018"]
[Site "Sovata"]
[Date "2018.11.29"]
[Round "6"]
[White "Ardelean, George-Catalin"]
[Black "Jianu, Vlad-Cristian"]
[Result "1/2-1/2"]
[WhiteElo "2494"]
[BlackElo "2546"]
[Annotator "TA"]
[PlyCount "26"]
[EventDate "2018.11.24"]
[EventType "team-tourn"]
[EventCountry "ROU"]
[SourceTitle "playchess.com"]
[Source "ChessBase"]
[SourceQuality "1"]

{[%evp 15,19,0,0,0,8,8]} 1. d4 Nf6 2. Nf3 e6 3. Bf4 d5 4. e3 Bd6 5. Bg3 O-O 6. Nbd2 b6 7. Bd3 Bb7 {D02: 1 d4 d5 2 Nf3 sidelines, including 2...Nf6 3 g3 and 2...Nf6 3 Bf4} 8. c3 Ne4 {LiveBook: 19 Games} 9. Bxd6 (9. Qc2 f5 10. c4 Nd7 11. cxd5 exd5 12. O-O Qe7 13. Bxd6 Nxd6 14. Rac1 c6 15. Qa4 {1-0 (30) Esipenko,A (2609)-Paravyan,D (2629) Sochi 2018}) 9... Qxd6 10. Qc2 {Predecessor:} f5 $146 11. Ne5 Nd7 12. Nxd7 Qxd7 13. Nf3 Qe7 {0-1 (51) Ryabov,V (1969)-Shalin,A (2151) Kaluga 2013} 1/2-1/2